1374 1855 1887 1430 1161 1964 1339 1525 1288 1296 1066 1941 1714 1464 1311 1730 1960 1255 1792 1336 1338 1453 1728 1614 1918 1234 1686 1659 1254 1185 1922 1251 1500 1728 1191 1243 1364 1206 1674 1107 1730 1576 1516 1815 1357 1335 1915 1160 1092 1706 1953 1814 1646 1408 1841 1912 1857 1986 1722 1142 1800 1357 1064 1128 1406 1441 1783 1676 1274 1749 1599 1686 1147 1829 1471 1948 1450 1985 1823 1670 1948 1588 1365 1159 1347 1755 1568 1403 1110 1584 1204 1853 1836 1167 1952 1888 1948 1630 1740 BCNSPRNW ULIB Ver.6.0+V

เปลี่ยนเป็นภาษาไทย

Change to English
 แสดงรายละเอียดบรรณานุกรม
  กลับหน้าหลัก

Brief Record : Get Marc (ISO 2709) : E-mail record : QR code < ปิดหน้าต่าง
LEADER : 00000nam 2200000uu 4500
001    13399126737
003     ULIB
008    020711s2018 th a 000 0 eng d
020    ^a9780071839853
060    ^aWB105^bH847F
100    ^aHowes, David S.
245    ^aFirst Aid For The Emergency Medicine Oral Boards
250    ^a2nd ed
260    ^aNew York :^bMcGraw-Hill,^c2018
300    ^a880 pages;^c29 cm
650    ^aEmergency medicine^xExaminations^yStudy guides
650    ^aFirst aid in illness and injury^xExaminations^yStudy guides
650    ^aMedical
945    ^p3136^l0^i005400
945    ^p3136^l0^i006301
999    ^aประนอม เกษจรัล
รายการนี้ยังไม่มีแท็ก
คุณยังไม่ได้ล็อกอิน คุณสามารถมีกิจกรรมร่วมกับเว็บไซต์ได้ แต่ต้องล็อกอินก่อน ::
  ล็อกอิน

รายการสื่อสารสนเทศ

ลำดับที่ ประเภท เลขเรียก/บาร์โค้ด สถานที่ สถานะ
1. วิทยาศาสตร์การแพทย์ และสุขภาพ
หนังสือสำรอง
สถานะ=หนังสือสำรอง
WB105 H847F ฉ.1 
  Barcode: 005400
ห้องสมุดวิทยาเขตสวรรค์ประชารักษ์
►หนังสือทั่วไป
บนชั้น
2. วิทยาศาสตร์การแพทย์ และสุขภาพ
วิทยาศาสตร์การแพทย์ และสุขภาพ
WB105 H847F ฉ.2 
  Barcode: 006301
ห้องสมุดวิทยาเขตสวรรค์ประชารักษ์
►หนังสือทั่วไป
บนชั้น

รายการใกล้เคียง
    หัวเรื่อง [Medical]

BibComment


ยังไม่เคยถูกคอมเมนท์

คอมเมนท์ทรัพยากรรายการนี้
  คอมเมนท์: First Aid For Th..


 Copyright 2026. Bcnsprnw @Library